000 00592nam a2200205 a 4500
005 20231102063553.0
008 030523s1997 mx r 000 0 spa d
020 _a9681903927
035 _aUPN01000124557
049 _aCG
050 4 _aJL1231
_bC3.6
245 0 3 _aLa capacidad de gobernar en México /
_ccoord. Samuel Schmidt.
260 _aMéxico :
_bAguilar,
_c1997.
300 _a171 p.
440 0 _aNuevo siglo
651 4 _aMéxico
_xPolítica y gobierno
_ySiglo XX
_94442
651 4 _aMéxico
_xPolítica económica
_97138
700 1 _aSchmidt, Samuel,
_ecoord.
905 _aLibro
999 _c96736
_d96736